[Event "4NCL Division Four"]
[Site "Telford, ENG"]
[Date "2024.05.05"]
[Round "10.64"]
[White "Graff, Ben"]
[Black "Donaghay, Richard H"]
[Result "1/2-1/2"]
[WhiteElo "1858"]
[BlackElo "1851"]
[PlyCount "43"]
[EventDate "2024.05.05"]
[WhiteTeam "Coventry"]
[BlackTeam "Iceni 2"]

1. d4 d6 2. e4 g6 3. Nf3 Bg7 4. Nc3 Nd7 5. Be2 e6 6. O-O Ne7 7. Re1 O-O 8. Bg5
h6 9. Bh4 b6 10. Qd2 Bb7 11. Rad1 g5 12. Bg3 Ng6 13. h3 Nf6 14. Bd3 Nh5 15. Bh2
Nhf4 16. Ne2 e5 17. dxe5 dxe5 18. Nxf4 gxf4 19. Qc3 Qe7 20. Qd2 Rad8 21. Qe2
Rd6 22. Rd2 1/2-1/2

[Event "4NCL Division Four"]
[Site "Telford, ENG"]
[Date "2024.05.05"]
[Round "10.66"]
[White "Foster, Nigel"]
[Black "Kent, Rowan"]
[Result "1/2-1/2"]
[WhiteElo "1572"]
[BlackElo "1706"]
[PlyCount "80"]
[EventDate "2024.05.05"]
[WhiteTeam "Coventry"]
[BlackTeam "Iceni 2"]

1. e4 e5 2. Nc3 Nf6 3. f4 d6 4. Nf3 Bg4 5. Bc4 Nbd7 6. d3 Be7 7. a3 Bxf3 8.
Qxf3 h5 9. f5 h4 10. Be3 c6 11. a4 Nh5 12. Ne2 Bg5 13. b4 Bxe3 14. Qxe3 Qb6 15.
Qxb6 Nxb6 16. Bb3 Ke7 17. Kf2 a5 18. c3 Nd7 19. Ke3 b6 20. Rhd1 g5 21. fxg6
fxg6 22. Rf1 Rhf8 23. d4 g5 24. Rad1 Rf6 25. Rxf6 Ndxf6 26. Rf1 Rf8 27. Rf5 Nh7
28. dxe5 Rxf5 29. exd6+ Kxd6 30. exf5 Ng7 31. Nd4 c5 32. bxc5+ bxc5 33. Nb5+
Ke5 34. Bc2 Nf6 35. c4 Nxf5+ 36. Bxf5 Kxf5 37. Na7 Nd7 38. Nc6 Nb6 39. Nxa5
Nxa4 40. Kf3 Nb6 1/2-1/2

[Event "4NCL Division Four"]
[Site "Telford, ENG"]
[Date "2024.05.05"]
[Round "10.71"]
[White "Vaddhireddy, Sai"]
[Black "Richmond, Frank"]
[Result "1-0"]
[WhiteElo "1844"]
[BlackElo "1934"]
[PlyCount "53"]
[EventDate "2024.05.05"]
[WhiteTeam "Apprentice Woodpushers"]
[BlackTeam "Ashfield 2"]

1. d4 Nf6 2. c4 g6 3. g3 c6 4. Bg2 d5 5. Nf3 Bg7 6. O-O O-O 7. Ne5 Nfd7 8. cxd5
Nxe5 9. dxe5 Bxe5 10. dxc6 Nxc6 11. Bxc6 bxc6 12. Qc2 Rb8 13. Nc3 Bb7 14. Be3
a6 15. Rac1 Qc8 16. Na4 Qh3 17. Nc5 h5 18. Qe4 Bf6 19. Bf4 e5 20. Bh6 Rfc8 21.
Nxb7 Rxb7 22. Rxc6 Bh8 23. Rxg6+ fxg6 24. Qxb7 Qe6 25. Rd1 Bf6 26. Rd7 Rd8 27.
Rxd8+ 1-0

[Event "4NCL Division Four"]
[Site "Telford, ENG"]
[Date "2024.05.05"]
[Round "10.72"]
[White "Gunarathne, Senith Thenula"]
[Black "Doherty, Paul"]
[Result "1/2-1/2"]
[WhiteElo "1940"]
[BlackElo "1788"]
[PlyCount "88"]
[EventDate "2024.05.05"]
[WhiteTeam "Ashfield 2"]
[BlackTeam "Apprentice Woodpushers"]

1. e4 d6 2. d4 Nf6 3. Nc3 c6 4. Nf3 Qa5 5. Bd3 e5 6. O-O Bg4 7. Be2 Nbd7 8.
dxe5 dxe5 9. Nd2 Bxe2 10. Qxe2 Be7 11. Nc4 Qc7 12. f4 b5 13. fxe5 Nxe5 14. Nxe5
Qxe5 15. Rf5 Qe6 16. Bg5 g6 17. Rf3 O-O 18. Raf1 Nd7 19. Bh6 Ne5 20. Bxf8 Nxf3+
21. Qxf3 Rxf8 22. a3 Bc5+ 23. Kh1 Qe5 24. b4 Bd6 25. g3 f5 26. Qd3 f4 27. Ne2
fxg3 28. Rxf8+ Kxf8 29. hxg3 g5 30. Kg2 a6 31. Nd4 c5 32. Nf5 Be7 33. c3 c4 34.
Qf3 Bf6 35. Nd4 Kg7 36. Qg4 Kg6 37. Kf3 h5 38. Qc8 g4+ 39. Kf2 Qxe4 40. Qxa6
Qh1 41. Qe6 Qh2+ 42. Kf1 Qh1+ 43. Kf2 Qh2+ 44. Kf1 Qh1+ 1/2-1/2

[Event "4NCL Division Four"]
[Site "Telford, ENG"]
[Date "2024.05.05"]
[Round "10.73"]
[White "Altoft, Harry"]
[Black "Radford, Mark Sr"]
[Result "0-1"]
[WhiteElo "1785"]
[BlackElo "1753"]
[PlyCount "42"]
[EventDate "2024.05.05"]
[WhiteTeam "Apprentice Woodpushers"]
[BlackTeam "Ashfield 2"]

1. e4 e6 2. d4 d5 3. Nc3 Nf6 4. e5 Nfd7 5. Bd3 c5 6. Nf3 Nc6 7. Bb5 Be7 8. O-O
a6 9. Bxc6 bxc6 10. Ne2 O-O 11. c3 f6 12. Nf4 Nb6 13. b3 cxd4 14. Nxd4 fxe5 15.
Nfxe6 Qd6 16. Qg4 Bf6 17. Bh6 Ra7 18. Nf5 Qxe6 19. Be3 Rb7 20. Nh6+ Kh8 21.
Qxe6 Bxe6 0-1

[Event "4NCL Division Four"]
[Site "Telford, ENG"]
[Date "2024.05.05"]
[Round "10.74"]
[White "Humphreys, Benjamin"]
[Black "Bokade, Chinmay"]
[Result "1/2-1/2"]
[WhiteElo "1790"]
[BlackElo "1663"]
[PlyCount "66"]
[EventDate "2024.05.05"]
[WhiteTeam "Ashfield 2"]
[BlackTeam "Apprentice Woodpushers"]

1. e4 c5 2. Nf3 Nc6 3. Bb5 a6 4. Bxc6 dxc6 5. O-O g6 6. c3 Bg7 7. d4 cxd4 8.
cxd4 Nf6 9. Nc3 Qc7 10. Re1 O-O 11. e5 Nd7 12. e6 fxe6 13. Ng5 Nb6 14. Rxe6
Bxe6 15. Nxe6 Qd6 16. Nxf8 Rxf8 17. Qb3+ Kh8 18. Ne2 Nd5 19. Qxb7 Qe6 20. Kf1
Qe4 21. Qb3 e5 22. dxe5 Bxe5 23. Ng1 Bd4 24. Nh3 Re8 25. Qd1 Nb4 26. Ng5 Qd3+
27. Qxd3 Nxd3 28. Bd2 Nxb2 29. Nf3 Bg7 30. Rc1 Rc8 31. Bc3 c5 32. Bxg7+ Kxg7
33. Rb1 Nc4 1/2-1/2

[Event "4NCL Division Four"]
[Site "Telford, ENG"]
[Date "2024.05.05"]
[Round "10.75"]
[White "Wilson, Jeff"]
[Black "Graham, Neil"]
[Result "1/2-1/2"]
[WhiteElo "1470"]
[BlackElo "1749"]
[PlyCount "38"]
[EventDate "2024.05.05"]
[WhiteTeam "Apprentice Woodpushers"]
[BlackTeam "Ashfield 2"]

1. e4 e5 2. Nf3 Nf6 3. Nxe5 d6 4. Nf3 Nxe4 5. Nc3 Nxc3 6. dxc3 Be7 7. Bc4 O-O
8. O-O Be6 9. Bxe6 fxe6 10. Re1 e5 11. Qd5+ Kh8 12. Qxb7 Nd7 13. Qe4 Nf6 14.
Qe2 Nd5 15. c4 Nf4 16. Bxf4 Rxf4 17. Rad1 Qb8 18. b3 Qb7 19. Nd2 Raf8 $11
1/2-1/2

[Event "4NCL Division Four"]
[Site "Telford, ENG"]
[Date "2024.05.05"]
[Round "10.76"]
[White "Taylor, Robert P"]
[Black "Eccleston, Rowan"]
[Result "1/2-1/2"]
[WhiteElo "1750"]
[BlackElo "1436"]
[PlyCount "34"]
[EventDate "2024.05.05"]
[WhiteTeam "Ashfield 2"]
[BlackTeam "Apprentice Woodpushers"]

1. d4 f5 2. Bf4 Nf6 3. Nc3 e6 4. e3 Bb4 5. Bd3 Bxc3+ 6. bxc3 O-O 7. Nf3 b6 8.
O-O Bb7 9. c4 d6 10. c3 Nbd7 11. Qb3 Qe8 12. Be2 Ne4 13. Rad1 Qg6 14. h3 Kh8
15. Qc2 h6 16. d5 e5 17. Bh2 Ndc5 1/2-1/2

[Event "4NCL Division Four"]
[Site "Telford, ENG"]
[Date "2024.05.05"]
[Round "10.81"]
[White "MacNeil, Elliott"]
[Black "Vachtfeidl, Petr"]
[Result "0-1"]
[WhiteElo "1942"]
[BlackElo "1949"]
[PlyCount "54"]
[EventDate "2024.05.05"]
[WhiteTeam "Wessex B"]
[BlackTeam "CSC/Kingston 3"]

1. d4 Nf6 2. c4 g6 3. Nf3 Bg7 4. g3 d5 5. Bg2 O-O 6. O-O Nc6 7. Nc3 dxc4 8. d5
Nb4 9. e4 c6 10. a3 Nd3 11. Nd2 cxd5 12. exd5 Bg4 13. Qa4 Bh6 14. Nxc4 Nxc1 15.
Raxc1 Bxc1 16. Rxc1 a6 17. Ne3 Qd7 18. Qd4 Bh3 19. Bf3 b5 20. Qh4 h5 21. d6 Bg4
22. dxe7 Qxe7 23. Bxg4 hxg4 24. Nxg4 Kg7 25. Qh6+ Kg8 26. Qg5 Kg7 27. Ne4 Ng8
0-1

[Event "4NCL Division Four"]
[Site "Telford, ENG"]
[Date "2024.05.05"]
[Round "10.82"]
[White "Grey, Nicholas D"]
[Black "Pyda, Arjun"]
[Result "0-1"]
[WhiteElo "1705"]
[BlackElo "1913"]
[PlyCount "80"]
[EventDate "2024.05.05"]
[WhiteTeam "CSC/Kingston 3"]
[BlackTeam "Wessex B"]

1. e4 c5 2. c3 d5 3. exd5 Qxd5 4. d4 Nf6 5. Nf3 Nc6 6. Be2 e6 7. O-O cxd4 8.
cxd4 Be7 9. Nc3 Qd6 10. Nb5 Qd8 11. Bf4 Nd5 12. Bg3 a6 13. Nc3 O-O 14. Rc1 Bf6
15. Ne4 Be7 16. Nc3 Qb6 17. Na4 Qb4 18. a3 Qa5 19. b4 Qd8 20. Ne5 Nxe5 21. dxe5
a5 22. Nc3 Nxc3 23. Rxc3 axb4 24. axb4 Bxb4 25. Rd3 Qb6 26. Qb1 Bc5 27. Rb3 Qc7
28. Rc1 b6 29. Bf3 Ra7 30. Be4 h6 31. Bf4 f5 32. exf6 Qxf4 33. Bh7+ Kh8 34. Rf3
Qg5 35. Rd1 Rd7 36. Rxd7 Bxd7 37. fxg7+ Qxg7 38. Be4 Rxf3 39. Bxf3 Qd4 40. Qa2
Kg7 0-1

[Event "4NCL Division Four"]
[Site "Telford, ENG"]
[Date "2024.05.05"]
[Round "10.83"]
[White "Chilton, James I"]
[Black "Eckert, Jonathan"]
[Result "1/2-1/2"]
[WhiteElo "1821"]
[BlackElo "1755"]
[PlyCount "102"]
[EventDate "2024.05.05"]
[WhiteTeam "Wessex B"]
[BlackTeam "CSC/Kingston 3"]

1. d4 e6 2. c4 f5 3. g3 Nf6 4. Bg2 Be7 5. Nf3 O-O 6. Nc3 d6 7. O-O a5 8. Re1
Ne4 9. Qc2 Nxc3 10. bxc3 Qe8 11. e4 Qh5 12. e5 Nc6 13. exd6 cxd6 14. d5 Nd8 15.
Nd4 e5 16. f4 e4 17. Be3 Rf6 18. Nb5 Bd7 19. Bb6 Rh6 20. Bf1 g5 21. fxg5 Bxg5
22. Qe2 Qg6 23. Bg2 Nf7 24. Bd4 Ne5 25. Rab1 Rc8 26. Na7 Rc7 27. c5 Nd3 28.
cxd6 Qxd6 29. Rb6 Qxd5 30. Rxh6 Bxh6 31. Qxd3 Bg7 32. Qe3 Bxd4 33. cxd4 Be6 $11
34. Bxe4 fxe4 35. Qxe4 Rc1 36. Qxd5 Rxe1+ 37. Kf2 Bxd5 $11 38. Kxe1 Bxa2 39.
Kd2 Bc4 40. Kc3 b5 41. Nc6 a4 42. Kb4 Kf8 43. Ne5 Be2 44. Nc6 Ke8 45. Kc5 a3
46. Nb4 Bc4 47. g4 Ke7 48. g5 a2 49. Nc2 Ke6 50. d5+ Bxd5 51. Kxb5 Kf5 1/2-1/2

[Event "4NCL Division Four"]
[Site "Telford, ENG"]
[Date "2024.05.05"]
[Round "10.84"]
[White "Cooke, Charlie"]
[Black "Syed, Ashraf"]
[Result "1/2-1/2"]
[WhiteElo "1611"]
[BlackElo "1780"]
[PlyCount "97"]
[EventDate "2024.05.05"]
[WhiteTeam "CSC/Kingston 3"]
[BlackTeam "Wessex B"]

1. d4 d6 2. c4 c6 3. Nc3 Nf6 4. Nf3 Qa5 5. Qc2 Bg4 6. Nd2 e5 7. dxe5 dxe5 8. f3
Be6 9. e4 Be7 10. Bd3 Nbd7 11. O-O O-O 12. Rd1 Rad8 13. Nf1 Bc5+ 14. Kh1 Bd4
15. Ne2 c5 16. Nxd4 cxd4 17. b3 Nc5 18. Ng3 Nxd3 19. Qxd3 Nd7 20. Bd2 Qa3 21.
Bc1 Qa6 22. Bb2 f6 23. Ne2 Nc5 24. Qd2 Rf7 25. Nc1 Bd7 26. Nd3 Nxd3 27. Qxd3 b5
28. cxb5 Bxb5 29. Qd2 Be2 30. Rdc1 d3 31. a3 Rc8 32. b4 Rfc7 33. Rxc7 Rxc7 34.
Rc1 Qb6 35. Rxc7 Qxc7 36. Qc3 Qxc3 37. Bxc3 Kf7 38. Kg1 Ke6 39. Kf2 Kd7 40. Ke3
Kc6 41. a4 a6 42. g3 Bd1 43. Bd2 Bxa4 44. Kxd3 Bb5+ 45. Ke3 Kd6 46. Bc3 Bd7 47.
Bd2 Bb5 48. Bc3 Bd7 49. Bd2 1/2-1/2

[Event "4NCL Division Four"]
[Site "Telford, ENG"]
[Date "2024.05.05"]
[Round "10.85"]
[White "Prabhakaran, Anvikkashri"]
[Black "Cresswell, Mike J"]
[Result "1-0"]
[WhiteElo "1632"]
[BlackElo "1637"]
[PlyCount "105"]
[EventDate "2024.05.05"]
[WhiteTeam "Wessex B"]
[BlackTeam "CSC/Kingston 3"]

1. d4 Nf6 2. c4 c5 3. dxc5 Na6 4. Nf3 Nxc5 5. e3 d6 6. Be2 g6 7. O-O Bg7 8. Nc3
O-O 9. Bd2 Nce4 10. Nxe4 Nxe4 11. Bc1 Nc5 12. Nd4 Ne6 13. h3 Nxd4 14. exd4 Bf5
15. Bf3 Rb8 16. Be3 b6 17. Qd2 Be6 18. d5 Bf5 19. Bh6 Rc8 20. Bxg7 Kxg7 21. b3
Rc5 22. Rfe1 b5 23. cxb5 Rxb5 24. Qe2 Rb7 25. Qb2+ Kg8 26. Be4 Qd7 27. Bxf5
Qxf5 28. Rad1 Rc8 29. Rc1 Rbc7 30. Rxc7 Rxc7 31. Qd2 Qf6 32. Rc1 Rxc1+ 33. Qxc1
Kg7 34. a4 Qe5 35. Qd2 Qa1+ 36. Kh2 Qe5+ 37. g3 a6 38. b4 Qa1 39. Qc2 Qd4 40.
b5 axb5 41. axb5 Qb6 42. Qb2+ f6 43. Qe2 Kf8 44. Kg2 Qb7 45. Qc4 Kf7 46. Qc6
Qa7 47. b6 Qa2 48. b7 Qb1 49. Qc8 Qe4+ 50. Kh2 Qf3 51. Qe6+ Kg7 52. Qxe7+ Kh6
53. Qe3+ 1-0

[Event "4NCL Division Four"]
[Site "Telford, ENG"]
[Date "2024.05.05"]
[Round "10.86"]
[White "Denning, Julie L"]
[Black "Wright, George A"]
[Result "1/2-1/2"]
[WhiteElo "1585"]
[BlackElo "1338"]
[PlyCount "126"]
[EventDate "2024.05.05"]
[WhiteTeam "CSC/Kingston 3"]
[BlackTeam "Wessex B"]

1. e4 c6 2. d4 d5 3. e5 c5 4. Bb5+ Nc6 5. c3 e6 6. Nf3 Nge7 7. O-O Nf5 8. Re1
Be7 9. Nbd2 Bd7 10. Nf1 a6 11. Ba4 cxd4 12. cxd4 Na7 13. Bc2 g6 14. a3 Qc7 15.
Ne3 Nxe3 16. Bxe3 O-O-O 17. Rc1 Nc6 18. Bh6 Bf8 19. Bg5 Re8 20. Bf6 Rg8 21. Ng5
Bh6 22. Nxf7 Bxc1 23. Nd6+ Kb8 24. Nxe8 Bxe8 25. Qxc1 Nxd4 26. Bd3 Qxc1 27.
Rxc1 Bd7 28. Be7 Bc6 29. Bc5 Nb3 30. Bd6+ Kc8 31. Rc3 Nd4 32. Bc5 Nf5 33. Bb6
Kd7 34. b3 Rc8 35. a4 Ke8 36. b4 Bd7 37. Rxc8+ Bxc8 38. b5 Nh6 39. h3 Nf7 40.
f4 Nh6 41. g4 Kf7 42. Kf2 Ng8 43. Ke3 Ke7 44. Kd4 Ke8 45. Bc5 Nh6 46. Bd6 Kd7
47. Kc5 Nf7 48. Bb8 Nd8 49. Kb6 Nf7 50. bxa6 bxa6 51. a5 Nd8 52. f5 gxf5 53.
gxf5 h6 54. f6 Nf7 55. h4 Ke8 56. Kc7 Bd7 57. Bg6 Bb5 58. Ba7 Kf8 $11 59. Bxf7
Kxf7 60. Bc5 h5 61. Kd6 Bc4 62. Be3 Bb5 63. Kc5 Bc4 $11 1/2-1/2

[Event "4NCL Division Four"]
[Site "Telford, ENG"]
[Date "2024.05.05"]
[Round "10.91"]
[White "Williams, Ana"]
[Black "Jayawarna, Thisumi"]
[Result "1-0"]
[WhiteElo "1932"]
[BlackElo "1753"]
[PlyCount "55"]
[EventDate "2024.05.05"]
[WhiteTeam "She Plays To Win Uni"]
[BlackTeam "She Plays To Win Young Stars A"]

1. c4 Nf6 2. Nc3 g6 3. e4 d6 4. d4 Bg7 5. f4 Bg4 6. Nf3 Nfd7 7. Be2 Bxf3 8.
Bxf3 e5 9. fxe5 dxe5 10. d5 a5 11. Be3 h5 12. Qe2 Na6 13. Rf1 Qe7 14. O-O-O
Ndc5 15. g4 hxg4 16. Bxg4 Rd8 17. Qf2 Bh6 18. Bxh6 Rxh6 19. Kb1 Rh7 20. d6 Qg5
21. dxc7 Rxd1+ 22. Rxd1 Nxc7 23. Qxc5 f6 24. Nd5 Nxd5 25. Qc8+ Kf7 26. Rxd5 Kg7
27. Rd7+ Kh6 28. Qf8+ 1-0

[Event "4NCL Division Four"]
[Site "Telford, ENG"]
[Date "2024.05.05"]
[Round "10.92"]
[White "Mehta, Sophie"]
[Black "Wabuti, Rose"]
[Result "1-0"]
[WhiteElo "1693"]
[BlackElo "1756"]
[PlyCount "61"]
[EventDate "2024.05.05"]
[WhiteTeam "She Plays To Win Young Stars A"]
[BlackTeam "She Plays To Win Uni"]

1. d4 g6 2. Bf4 Bg7 3. Nc3 e6 4. e3 a6 5. Nf3 Ne7 6. Bd3 d5 7. Ne2 c5 8. c3 b6
9. Ng3 Bb7 10. e4 O-O 11. e5 Nbc6 12. Qd2 cxd4 13. cxd4 b5 14. O-O Rc8 15. Bh6
Qa5 16. Qf4 f6 17. Bxg7 Kxg7 18. Qg4 fxe5 19. dxe5 Nf5 20. Ng5 Nxe5 21. Nxf5+
exf5 22. Qd4 Rfe8 23. Rfe1 Kh6 24. Qh4+ Kg7 25. Qd4 Kh6 26. Rxe5 Kxg5 27. Qe3+
Kf6 28. Rxe8 Rc7 29. Qe5+ Kg5 30. Qe3+ Kf6 31. b4 1-0

[Event "4NCL Division Four"]
[Site "Telford, ENG"]
[Date "2024.05.05"]
[Round "10.93"]
[White "Desheva, Evie"]
[Black "Keen, Maya"]
[Result "0-1"]
[WhiteElo "1656"]
[BlackElo "1659"]
[PlyCount "84"]
[EventDate "2024.05.05"]
[WhiteTeam "She Plays To Win Uni"]
[BlackTeam "She Plays To Win Young Stars A"]

1. e4 e6 2. b3 d5 3. Bb2 c5 4. exd5 exd5 5. Bb5+ Nc6 6. Qe2+ Be6 7. Nf3 a6 8.
Bxc6+ bxc6 9. Ne5 Qc7 10. d3 Nf6 11. Nd2 Be7 12. g4 h6 13. O-O-O a5 14. a4
O-O-O 15. f4 d4 16. f5 Bd5 17. Rhg1 Bd6 18. Ndf3 Rde8 19. Rde1 Bxf3 20. Qxf3
Bxe5 21. h3 Bf4+ 22. Kb1 Re3 23. Rxe3 Bxe3 24. Rd1 Kd7 25. Rf1 Nd5 26. c4 dxc3
27. Ba3 Rb8 28. Qd1 Qh2 29. Qc2 Qxc2+ 30. Kxc2 Bd4 31. Bc1 Nb4+ 32. Kd1 Nxd3
33. h4 Nxc1 34. Kxc1 Rxb3 35. Rd1 Rb2 36. g5 hxg5 37. h5 Kc7 38. Re1 Bf6 39.
Re8 g4 40. h6 Bg5+ 41. Kd1 c2+ 42. Ke2 c1=Q+ 0-1

[Event "4NCL Division Four"]
[Site "Telford, ENG"]
[Date "2024.05.05"]
[Round "10.94"]
[White "Singh, Avyanna"]
[Black "Agarwal, Aditi"]
[Result "0-1"]
[WhiteElo "1612"]
[BlackElo "1743"]
[PlyCount "126"]
[EventDate "2024.05.05"]
[WhiteTeam "She Plays To Win Young Stars A"]
[BlackTeam "She Plays To Win Uni"]

1. e4 d5 2. exd5 Qxd5 3. Nc3 Qa5 4. d4 c6 5. Nf3 Nf6 6. Bc4 Bf5 7. Bd2 Qc7 8.
Qe2 e6 9. Bb3 Nbd7 10. O-O-O Be7 11. Rhe1 O-O 12. Nh4 Rfe8 13. Nxf5 exf5 14.
Qc4 Ne4 15. Nxe4 fxe4 16. Rxe4 Nf6 17. Qxf7+ Kh8 18. Rf4 Rf8 19. Qe6 Rae8 20.
Rh4 Nd5 21. Rh3 Nf4 22. Bxf4 Qxf4+ 23. Re3 Bg5 24. Qh3 Qxf2 25. Kb1 Rxe3 26.
Qg4 Re1 27. c3 Rxd1+ 28. Qxd1 Qf1 29. Qxf1 Rxf1+ 30. Kc2 Rf2+ 31. Kb1 Rxg2 32.
h3 Re2 33. Bc4 Re3 34. Kc2 Rxh3 35. Be6 Re3 36. Bc8 b6 37. Bb7 Re6 38. Kb3 Be7
39. Ka4 h5 40. Bc8 Re2 41. Kb3 h4 42. Bh3 Bg5 43. c4 Re3+ 44. Kb4 Rxh3 45. d5
cxd5 46. cxd5 Be7+ 47. Kb5 Rd3 48. Ka6 Rxd5 49. Kxa7 Bc5 50. a3 h3 51. b4 Bxb4
52. axb4 Rb5 53. Ka6 Rxb4 54. Kb7 h2 55. Ka7 h1=Q 56. Kb8 Qh2+ 57. Ka8 Ra4+ 58.
Kb7 Qd6 59. Kc8 Ra8+ 60. Kb7 Rd8 61. Ka7 b5 62. Kb7 Rd7+ 63. Kc8 Qc7# 0-1

[Event "4NCL Division Four"]
[Site "Telford, ENG"]
[Date "2024.05.05"]
[Round "10.95"]
[White "Dorman, Orla"]
[Black "Wilson, Florence"]
[Result "1/2-1/2"]
[WhiteElo "1709"]
[BlackElo "1634"]
[PlyCount "76"]
[EventDate "2024.05.05"]
[WhiteTeam "She Plays To Win Uni"]
[BlackTeam "She Plays To Win Young Stars A"]

1. e4 e5 2. Nf3 Nc6 3. Bc4 Bc5 4. c3 Nf6 5. d4 exd4 6. e5 d5 7. Bb5 Ne4 8. cxd4
Bb6 9. O-O Bg4 10. Be3 O-O 11. Nc3 f6 12. Bxc6 bxc6 13. Nxe4 dxe4 14. Qb3+ Kh8
15. Nd2 f5 16. f3 f4 17. fxg4 Bxd4 18. Nxe4 Bxe3+ 19. Kh1 Qd5 20. Qxd5 cxd5 21.
Ng5 Rae8 22. Nf3 h6 23. Rad1 c6 24. Rd3 g5 25. Rfd1 Rb8 26. b3 Rfd8 27. Nd4
Bxd4 28. Rxd4 Re8 29. Re1 Kg7 30. Kg1 Kg6 31. Kf2 h5 32. h3 hxg4 33. hxg4 Rh8
34. Rc1 Rbc8 35. Ra4 Rh7 36. Ra6 Rhc7 37. Kf3 Kf7 38. g3 Ke6 1/2-1/2

[Event "4NCL Division Four"]
[Site "Telford, ENG"]
[Date "2024.05.05"]
[Round "10.96"]
[White "Sengupta, Sohana"]
[Black "Ravi, Vash"]
[Result "0-1"]
[WhiteElo "1575"]
[BlackElo "1693"]
[PlyCount "122"]
[EventDate "2024.05.05"]
[WhiteTeam "She Plays To Win Young Stars A"]
[BlackTeam "She Plays To Win Uni"]

1. e4 e6 2. d4 d5 3. e5 c5 4. c3 Nc6 5. Nf3 Bd7 6. a3 f6 7. exf6 Nxf6 8. b4
cxd4 9. cxd4 Bd6 10. Bb2 O-O 11. Be2 Qc7 12. Nc3 Be8 13. Nb5 Qe7 14. Nxd6 Qxd6
15. h3 Bg6 16. O-O h6 17. Ne5 Bh7 18. b5 Ne7 19. Bc3 Ne4 20. Bb4 Qd8 21. Bg4
Rf6 22. Qe1 Nf5 23. Qd1 Qb6 24. Nd7 Qxd4 25. Qxd4 Nxd4 26. Nxf6+ gxf6 27. Bf3
Nxb5 28. Bxe4 Bxe4 29. Rfe1 e5 30. f3 Bd3 31. Rad1 Bc4 32. Rd2 a5 33. Bc5 Rc8
34. Bb6 a4 35. Ra1 Kg7 36. Be3 d4 37. Bf2 Rd8 38. g4 d3 39. Kg2 Bb3 40. Kf1 Bc2
41. Be3 Nd6 42. Rg2 Nc4 43. Bd2 Rd5 44. Ke1 Rb5 45. Bb4 Ne3 46. Rh2 Kg6 47. Bd2
Nd5 48. Rf2 Rb3 49. h4 h5 50. Rg2 b5 51. Rf2 Nb6 52. Bb4 hxg4 53. fxg4 e4 54.
Rf4 Nd5 55. Rxe4 d2+ 56. Bxd2 Bxe4 57. h5+ Kh7 58. Kf2 Rf3+ 59. Ke2 Rg3 60. h6
Rxg4 61. Kf2 Rg2+ 0-1

[Event "4NCL Division Four"]
[Site "Telford, ENG"]
[Date "2024.05.05"]
[Round "10.101"]
[White "Scott, Jane"]
[Black "Walentowicz, Stefan"]
[Result "1/2-1/2"]
[WhiteElo "1579"]
[BlackElo "1818"]
[PlyCount "69"]
[EventDate "2024.05.05"]
[WhiteTeam "She Plays To Win Young Stars B"]
[BlackTeam "Ashfield 3"]

1. e4 e6 2. d4 d5 3. e5 Bd7 4. c3 a6 5. a4 c5 6. Nf3 Nc6 7. Be2 Qb6 8. O-O cxd4 9. cxd4 Nge7 10. Na3 Nf5 11. Nc2 Be7 12. Re1 Rc8 13. Be3 Na5 14. Bd3 Nb3 15. Ra2 O-O 16. Na1 Na5 17. Bd2 Nc6 18. Bc3 Nb4 19. Bxb4 Bxb4 20. Rf1 Kh8 21. Nc2 Be7 22. Qd2 Qb3 23. Raa1 Bxa4 24. Ne3 Bd7 25. Rac1 Bb4 26. Qe2 Qa4 27. Rxc8 Rxc8 28. Ng5 Rf8 29. Qh5 h6 30. Nxf7+ Kg8 31. Nxf5 exf5 32. Nxh6+ gxh6 33. Qg6+ Kh8 34. Qxh6+ Kg8 35. Qg6+ 1/2-1/2

[Event "4NCL Division Four"]
[Site "Telford, ENG"]
[Date "2024.05.05"]
[Round "10.102"]
[White "Bromilow, Edward T"]
[Black "Eccleston, Bryony"]
[Result "1-0"]
[WhiteElo "1819"]
[BlackElo "1591"]
[PlyCount "149"]
[EventDate "2024.05.05"]
[WhiteTeam "Ashfield 3"]
[BlackTeam "She Plays To Win Young Stars B"]

1. d4 Nf6 2. Nf3 d5 3. e3 c5 4. b3 e6 5. Bb2 a6 6. Bd3 Nc6 7. Nbd2 Bd7 8. O-O Bd6 9. dxc5 Bxc5 10. a3 Bd6 11. e4 dxe4 12. Nxe4 Nxe4 13. Bxe4 Bf8 14. Qe2 Qc7 15. c4 f6 16. Rfe1 e5 17. Bd5 O-O-O 18. b4 Kb8 19. Rec1 Bg4 20. Qe3 Ne7 21. Nxe5 Bh5 22. Bf3 Bxf3 23. Nxf3 Nf5 24. Qe6 Nd6 25. c5 Nb5 26. Rd1 Be7 27. a4 Na7 28. Nd4 Rhe8 29. Qg4 Bf8 30. Qg3 Qxg3 31. hxg3 Nc6 32. Nxc6+ bxc6 33. Kf1 Kc7 34. Rxd8 Rxd8 35. Ke2 f5 36. Be5+ Kc8 37. Ra3 g6 38. Rd3 Re8 39. f4 Bg7 40. Re3 Bf8 41. Kd2 Kd7 42. Rd3+ Ke6 43. Kc3 Ra8 44. Kc4 Rc8 45. Bd6 Bg7 46. Re3+ Kf6 47. Be5+ Kf7 48. Bxg7 Kxg7 49. Re7+ Kg8 50. b5 axb5+ 51. axb5 cxb5+ 52. Kxb5 h6 53. c6 Kf8 54. Rh7 Rb8+ 55. Rb7 Rc8 56. Kb6 Ke8 57. Rh7 Rb8+ 58. Kc7 Rb2 59. Rxh6 Kf7 60. Rh7+ Kf6 61. Rd7 Ra2 62. Rd5 Ke6 63. Re5+ Kf7 64. Kc8 Rxg2 65. c7 Rxg3 66. Kd8 Rc3 67. c8=Q Rxc8+ 68. Kxc8 Kg7 69. Kd7 Kh6 70. Ke6 Kg7 71. Ra5 Kh6 72. Kf6 Kh5 73. Ra8 Kg4 74. Kxg6 Kxf4 75. Rf8 1-0

[Event "4NCL Division Four"]
[Site "Telford, ENG"]
[Date "2024.05.05"]
[Round "10.103"]
[White "Wilde, Grace"]
[Black "Hatton, David"]
[Result "1/2-1/2"]
[WhiteElo "1567"]
[BlackElo "1795"]
[PlyCount "83"]
[EventDate "2024.05.05"]
[WhiteTeam "She Plays To Win Young Stars B"]
[BlackTeam "Ashfield 3"]

1. d4 d5 2. c4 c6 3. Nc3 Nf6 4. Bf4 dxc4 5. a4 Bf5 6. e3 Qb6 7. Qd2 e6 8. Bxc4 Bb4 9. f3 Nbd7 10. Nge2 O-O 11. O-O h6 12. Bg3 Rfd8 13. Qc1 a5 14. Bf2 Qc7 15. Ng3 Bh7 16. Bb3 Rac8 17. Bc2 Bxc2 18. Qxc2 e5 19. dxe5 Nxe5 20. Rfd1 Rxd1+ 21. Rxd1 Rd8 22. e4 Rxd1+ 23. Qxd1 Nc4 24. Qe2 Nb6 25. Qc2 Qd8 26. Nf5 Nbd7 27. Qd1 Qf8 28. Be3 Bc5 29. Bxc5 Qxc5+ 30. Qd4 Qxd4+ 31. Nxd4 g6 32. Kf2 Ne5 33. Ke2 Kf8 34. b3 Ke7 35. f4 Ned7 36. e5 Ne8 37. Ne4 Nb6 38. Nc3 Ng7 39. g3 Ne6 40. Nxe6 Kxe6 41. Ke3 Nd5+ 42. Nxd5 1/2-1/2

[Event "4NCL Division Four"]
[Site "Telford, ENG"]
[Date "2024.05.05"]
[Round "10.104"]
[White "Combie, Alex B"]
[Black "Shiva, Shrishti"]
[Result "1-0"]
[WhiteElo "1785"]
[BlackElo "1604"]
[PlyCount "113"]
[EventDate "2024.05.05"]
[WhiteTeam "Ashfield 3"]
[BlackTeam "She Plays To Win Young Stars B"]

1. d4 d5 2. c4 c6 3. Nf3 Nf6 4. Nc3 e6 5. e3 Bd6 6. Bd3 b6 7. O-O O-O 8. Qc2 h6 9. e4 dxe4 10. Nxe4 Be7 11. Rd1 Bb7 12. Nxf6+ Bxf6 13. Be4 Qc7 14. g3 Nd7 15. Bf4 e5 16. dxe5 Nxe5 17. Nxe5 Bxe5 18. Bxe5 Qxe5 19. Rd7 Bc8 20. Rd2 Bb7 21. Rad1 Rae8 22. Bf3 Qf6 23. Kg2 Rd8 24. Rd7 Rxd7 25. Rxd7 Rb8 26. b4 Qe6 27. Qd3 a5 28. Rd8+ Rxd8 29. Qxd8+ Kh7 30. Qxb6 Bc8 31. bxa5 Qxc4 32. Qxc6 Qxa2 33. Qxc8 Qxa5 34. Qd7 f5 35. Qd5 Qxd5 36. Bxd5 g5 37. Kf3 Kg6 38. Ke3 Kf6 39. Kd4 h5 40. f4 h4 41. Kc5 Kg6 42. Bf3 Kf6 43. Kd6 hxg3 44. hxg3 gxf4 45. gxf4 Kg7 46. Ke6 Kg6 47. Ke5 Kg7 48. Kxf5 Kf7 49. Bd5+ Kg7 50. Ke6 Kf8 51. f5 Ke8 52. f6 Kd8 53. f7 Kc8 54. f8=Q+ Kc7 55. Qd6+ Kc8 56. Qd7+ Kb8 57. Qb7# 1-0